[Event "Bristol Fide Open 2018"]
[Site "Bristol Grammar School"]
[Date "2018.06.16"]
[Round "2.13"]
[White "Fowler, Hugo"]
[Black "Collier, David"]
[Result "1/2-1/2"]
[WhiteElo "1800"]
[BlackElo "2011"]
[PlyCount "84"]
[EventDate "2018.06.15"]
[SourceVersionDate "2018.06.16"]

1. e4 c5 2. c3 d6 3. d4 Nf6 4. dxc5 Nc6 5. cxd6 Nxe4 6. Be3 Nxd6 7. Nf3 e5 8.
Na3 Be7 9. Nc4 Nxc4 10. Qxd8+ Bxd8 11. Bxc4 O-O 12. O-O-O Be7 13. Bd5 Bf6 14.
Rhe1 h6 15. Bc5 Re8 16. Bd6 Bg4 17. h3 Bxf3 18. Bxf3 Rad8 19. Bc7 Rxd1+ 20.
Rxd1 e4 21. Be2 g6 22. Rd7 Re7 23. Rxe7 Bxe7 24. Bf4 g5 25. Be3 f5 26. Bc4+ Kg7
27. g3 Ne5 28. Bd4 Bf6 29. Bxe5 Bxe5 30. Bd5 b6 31. Kd2 Kf6 32. Ke3 Bd6 33. b4
Ke5 34. Bb7 f4+ 35. gxf4+ gxf4+ 36. Ke2 Be7 37. f3 e3 38. Kd3 Kf5 39. a3 Kg5
40. c4 Kh4 41. Bc8 Kg3 42. Ke2 Kh4 1/2-1/2

[Event "Bristol Fide Open 2018"]
[Site "Bristol Grammar School"]
[Date "2018.06.16"]
[Round "2.14"]
[White "Moore, Geoffrey R"]
[Black "Dias, Savin"]
[Result "1-0"]
[WhiteElo "1995"]
[BlackElo "1771"]
[PlyCount "57"]
[EventDate "2018.06.15"]
[SourceVersionDate "2018.06.16"]

1. e4 c5 2. Nf3 d6 3. d4 cxd4 4. Nxd4 Nf6 5. Nc3 g6 6. Be3 Bg7 7. f3 O-O 8. Qd2
Nc6 9. O-O-O d5 10. Qe1 e6 11. h4 h5 12. g4 hxg4 13. h5 gxh5 14. Nxc6 bxc6 15.
Bg5 Qc7 16. Qh4 dxe4 17. fxg4 Nxg4 18. Qxh5 f5 19. Nxe4 Nf6 20. Nxf6+ Rxf6 21.
Bxf6 Qf4+ 22. Kb1 Bxf6 23. Qe8+ Kg7 24. Be2 Rb8 25. Rdg1+ Bg5 26. Qe7+ Kg6 27.
Bh5+ Kh6 28. Be8+ Bh4 29. Qg7# 1-0

[Event "Bristol Fide Open 2018"]
[Site "Bristol Grammar School"]
[Date "2018.06.16"]
[Round "2.15"]
[White "Lovell, William"]
[Black "Lampard, Alice"]
[Result "1/2-1/2"]
[WhiteElo "1737"]
[BlackElo "1664"]
[PlyCount "43"]
[EventDate "2018.06.15"]
[SourceVersionDate "2018.06.16"]

1. d4 Nf6 2. Bf4 g6 3. Nc3 Bg7 4. e4 d6 5. Qd2 O-O 6. Bh6 c5 7. Bxg7 Kxg7 8.
dxc5 dxc5 9. O-O-O Qxd2+ 10. Rxd2 Nc6 11. h3 Be6 12. Nf3 Rad8 13. Rxd8 Rxd8 14.
Ng5 Bc8 15. Bc4 Ne5 16. Be2 h6 17. Nf3 Nxf3 18. Bxf3 b6 19. Rd1 Rxd1+ 20. Kxd1
Bb7 21. Kd2 Nd7 22. Be2 1/2-1/2

[Event "Bristol Fide Open 2018"]
[Site "Bristol Grammar School"]
[Date "2018.06.16"]
[Round "2.16"]
[White "Nendick, Phil"]
[Black "Savage, Nicholas W"]
[Result "1-0"]
[WhiteElo "1950"]
[BlackElo "1968"]
[PlyCount "67"]
[EventDate "2018.06.15"]
[SourceVersionDate "2018.06.16"]

1. d4 Nf6 2. c4 g6 3. Nc3 d5 4. Nf3 Bg7 5. Bg5 Ne4 6. cxd5 Nxg5 7. Nxg5 e6 8.
Qa4+ c6 9. dxc6 Nxc6 10. Nf3 O-O 11. e3 Bd7 12. Qd1 Qb6 13. Qd2 Rfd8 14. Be2 e5
15. Nd5 Qa5 16. Qxa5 Nxa5 17. Nxe5 Bxe5 18. dxe5 Be6 19. Nc7 Rac8 20. Nxe6 fxe6
21. Rd1 Rxd1+ 22. Kxd1 Nc4 23. Bxc4 Rxc4 24. Kd2 Rc7 25. Rc1 Rd7+ 26. Ke2 g5
27. f4 h6 28. g3 Kg7 29. g4 Kg6 30. Rf1 Rc7 31. f5+ Kf7 32. Kd3 Rc5 33. fxe6+
Kxe6 34. Rf6+ 1-0

[Event "Bristol Fide Open 2018"]
[Site "Bristol Grammar School"]
[Date "2018.06.16"]
[Round "2.19"]
[White "Hosdurga, Chirag"]
[Black "Munshi, Aditya"]
[Result "0-1"]
[WhiteElo "1508"]
[BlackElo "1905"]
[PlyCount "76"]
[EventDate "2018.06.15"]
[SourceVersionDate "2018.06.16"]

1. d4 Nf6 2. c4 e6 3. Nc3 Bb4 4. Qc2 d5 5. Nf3 O-O 6. Bg5 h6 7. Bxf6 Qxf6 8. e3
b6 9. cxd5 exd5 10. Bd3 Bb7 11. O-O c5 12. a3 Bxc3 13. Qxc3 Nd7 14. Rac1 Qe7
15. Rfd1 Rac8 16. Bf5 Rc7 17. b4 c4 18. Bxd7 Qxd7 19. Ne5 Qe6 20. b5 Ra8 21. a4
a6 22. Ra1 f6 23. Nf3 axb5 24. axb5 Rcc8 25. Ne1 Qe8 26. Rab1 Ra5 27. Qb4 Rca8
28. Rd2 Qd7 29. Rdb2 Ra4 30. Qc3 Ra3 31. Qc1 Qd6 32. Rb4 Bc8 33. Nc2 R3a5 34.
R1b2 Bf5 35. f3 c3 36. R2b3 Bxc2 37. Qxc2 Ra1+ 38. Rb1 Qxb4 0-1

[Event "Bristol Fide Open 2018"]
[Site "Bristol Grammar School"]
[Date "2018.06.16"]
[Round "2.21"]
[White "Hurst, Eddie"]
[Black "Morris, Gareth"]
[Result "0-1"]
[WhiteElo "1928"]
[BlackElo "2050"]
[PlyCount "134"]
[EventDate "2018.06.15"]
[SourceVersionDate "2018.06.16"]

1. d4 c5 2. c3 Nf6 3. Bf4 Qb6 4. Qb3 Qxb3 5. axb3 cxd4 6. cxd4 Nc6 7. Nf3 Nd5
8. Bd2 Ndb4 9. Bxb4 Nxb4 10. Kd2 d5 11. e3 f6 12. Bb5+ Bd7 13. Nc3 e6 14. Rhc1
Bd6 15. Bxd7+ Kxd7 16. Nb5 a6 17. Nxd6 Kxd6 18. Ne1 Rab8 19. Nd3 Nc6 20. f4 h5
21. h4 Rh6 22. g3 Rg6 23. Rg1 Ne7 24. Ke2 Rc8 25. Rac1 Rxc1 26. Nxc1 Nf5 27.
Kf2 Kc6 28. Ne2 Kb5 29. Rc1 Nd6 30. Rc7 Kb6 31. Re7 Ne4+ 32. Kg2 f5 33. Re8 Ka5
34. Rh8 Kb4 35. Rb8 b5 36. Rb6 Kxb3 37. Rxa6 b4 38. Rb6 Kc4 39. Kf3 Kb3 40. Rb7
Nd2+ 41. Kf2 Nc4 42. Nc1+ Kc2 43. b3 Kxc1 44. bxc4 dxc4 45. Rxb4 c3 46. Rb6 Kd2
47. Rc6 c2 48. d5 c1=Q 49. Rxc1 Kxc1 50. d6 Rf6 51. e4 fxe4 52. Ke3 Rf5 53.
Kxe4 g6 54. d7 Rd5 55. d8=Q Rxd8 56. Ke5 Rf8 57. Kxe6 Kd2 58. Ke5 Ke3 59. g4
hxg4 60. h5 gxh5 61. f5 g3 62. f6 g2 63. Ke6 g1=Q 64. Ke7 Qg8 65. Kd7 Qd5+ 66.
Ke7 Rf7+ 67. Ke8 Qd7# 0-1

[Event "Bristol Fide Open 2018"]
[Site "Bristol Grammar School"]
[Date "2018.06.16"]
[Round "2.22"]
[White "Pramod Paleri, Adithya"]
[Black "Prasse, Phillip"]
[Result "0-1"]
[WhiteElo "1643"]
[BlackElo "2006"]
[PlyCount "48"]
[EventDate "2018.06.15"]
[SourceVersionDate "2018.06.16"]

1. d4 d5 2. c4 e6 3. Nf3 Nf6 4. g3 Be7 5. Bg2 O-O 6. O-O dxc4 7. Qc2 a6 8. Qxc4
b5 9. Qc2 Bb7 10. Bd2 Ra7 11. a3 Nbd7 12. Ba5 Qa8 13. Nbd2 c5 14. dxc5 Bxc5 15.
Bc3 Rc8 16. b4 Bd4 17. Nxd4 Bxg2 18. Rfc1 Rac7 19. Nb1 Be4 20. Qb3 Nd5 21. Nd2
Rxc3 22. Rxc3 Nxc3 23. Rc1 Bd5 24. Qc2 Nxe2+ 0-1

[Event "Bristol Fide Open 2018"]
[Site "Bristol Grammar School"]
[Date "2018.06.16"]
[Round "2.23"]
[White "Fradkin, Denis"]
[Black "Smith, Christopher"]
[Result "1/2-1/2"]
[WhiteElo "1938"]
[BlackElo "1891"]
[PlyCount "84"]
[EventDate "2018.06.15"]
[SourceVersionDate "2018.06.16"]

1. e4 c5 2. Nf3 e6 3. d4 cxd4 4. Nxd4 a6 5. Bd3 Qc7 6. Nc3 Nc6 7. Nb3 Nf6 8.
O-O h5 9. f4 Ng4 10. Qf3 b5 11. h3 Qa7+ 12. Kh1 Bb7 13. Nd1 Rc8 14. Ne3 Nd4 15.
Nxd4 Qxd4 16. Nxg4 hxg4 17. Qxg4 Bxe4 18. Bxe4 Qxe4 19. c3 Bc5 20. Bd2 g6 21.
Rae1 Qc2 22. Bc1 Rh5 23. Qf3 Ke7 24. Re2 Qb1 25. g4 Rh7 26. f5 Qxa2 27. fxg6
fxg6 28. b4 Rxh3+ 29. Qxh3 Qxe2 30. Bg5+ Kd6 31. bxc5+ Kxc5 32. Be7+ Kb6 33.
Bf6 Rc4 34. Bd4+ Kc6 35. Rf2 Qe4+ 36. Kh2 e5 37. Rf6+ Kb7 38. Bf2 Qxg4 39. Qe3
Qh5+ 40. Kg2 Qg4+ 41. Kf1 Qd1+ 42. Kg2 Qg4+ 1/2-1/2

[Event "Bristol Fide Open 2018"]
[Site "Bristol Grammar School"]
[Date "2018.06.18"]
[Round "3.1"]
[White "Merry, Alan"]
[Black "Moore, Graham J"]
[Result "1/2-1/2"]
[WhiteElo "2460"]
[BlackElo "2210"]
[PlyCount "97"]
[EventDate "2018.06.15"]
[SourceVersionDate "2018.06.16"]

1. e4 e6 2. d4 d5 3. Nc3 Nf6 4. e5 Nfd7 5. f4 c5 6. Nf3 Nc6 7. Be3 a6 8. Qd2 b5
9. dxc5 Bxc5 10. Bd3 Qb6 11. Bf2 Bxf2+ 12. Qxf2 Qxf2+ 13. Kxf2 Bb7 14. Rhe1 Ke7
15. Ne2 Nc5 16. Ned4 Nxd4 17. Nxd4 Rhc8 18. g4 h5 19. gxh5 Rh8 20. Be2 Ne4+ 21.
Ke3 g6 22. hxg6 Rh3+ 23. Bf3 fxg6 24. Rg1 Kf7 25. Rg2 Rah8 26. Rh1 b4 27. Ra1
Rxh2 28. a3 bxa3 29. Rxa3 Rxg2 30. Bxg2 g5 31. Bxe4 gxf4+ 32. Kxf4 Rh4+ 33. Kg5
Rxe4 34. Nf3 d4 35. Ra5 Ke7 36. Nh4 Re2 37. Rc5 Be4 38. Rc7+ Kd8 39. Rc4 Rxc2
40. Rxd4+ Bd5 41. b4 Rf2 42. Ng6 Rf5+ 43. Kg4 Rf1 44. Nf4 Ke7 45. Nxd5+ exd5
46. Rxd5 Ke6 47. Ra5 Rb1 48. Rxa6+ Kxe5 49. Rb6 1/2-1/2

[Event "Bristol Fide Open 2018"]
[Site "Bristol Grammar School"]
[Date "2018.06.16"]
[Round "3.2"]
[White "Howell, Oliver"]
[Black "Arkell, Keith"]
[Result "0-1"]
[WhiteElo "1898"]
[BlackElo "2417"]
[PlyCount "56"]
[EventDate "2018.06.15"]
[SourceVersionDate "2018.06.16"]

1. Nf3 d5 2. c4 d4 3. c5 Nc6 4. Qa4 Bg4 5. Na3 Bxf3 6. gxf3 e6 7. b4 a5 8. b5
Nb4 9. Bb2 Bxc5 10. Bg2 Qg5 11. O-O Ne7 12. e3 O-O 13. f4 Qg6 14. Nc4 Nd3 15.
Ba3 Nf5 16. Kh1 b6 17. Bxc5 Nxc5 18. Qd1 Rad8 19. Ne5 Qf6 20. Rc1 dxe3 21. Ng4
Qb2 22. Nxe3 Rxd2 23. Qg4 Rxf2 24. Nxf5 exf5 25. Qg3 Rxf1+ 26. Rxf1 Qxa2 27.
Bh3 Ne4 28. Qf3 Qe6 0-1

[Event "Bristol Fide Open 2018"]
[Site "Bristol Grammar School"]
[Date "2018.06.16"]
[Round "3.3"]
[White "Roe, Simon"]
[Black "Nendick, Phil"]
[Result "1-0"]
[WhiteElo "2226"]
[BlackElo "1950"]
[PlyCount "87"]
[EventDate "2018.06.15"]
[SourceVersionDate "2018.06.16"]

1. Nf3 Nc6 2. d4 d5 3. c4 Bg4 4. cxd5 Bxf3 5. gxf3 Qxd5 6. e3 e5 7. Nc3 Bb4 8.
Bd2 Bxc3 9. bxc3 Qd6 10. Qb3 b6 11. d5 Na5 12. Qa4+ c6 13. c4 Ne7 14. Bb4 Qd7
15. Rd1 cxd5 16. Qxd7+ Kxd7 17. cxd5 g6 18. Bb5+ Kd8 19. Bc3 f6 20. f4 Rc8 21.
Ba1 Rc5 22. a4 Rxd5 23. O-O Kc7 24. fxe5 f5 25. Rxd5 Nxd5 26. e6 Rd8 27. Be5+
Kb7 28. Rd1 Nc6 29. Bg3 a6 30. Bc4 Nde7 31. Rxd8 Nxd8 32. Bh4 Ndc6 33. Be2 Kc7
34. Bxa6 Kd6 35. Bc4 Nd8 36. Bg3+ Kc5 37. Ba2 Ndc6 38. Bc7 Nb4 39. Bb3 Nbc6 40.
Kf1 Kb4 41. Bd1 b5 42. a5 Nd5 43. Bd6+ Kxa5 44. Bf3 1-0

[Event "Bristol Fide Open 2018"]
[Site "Bristol Grammar School"]
[Date "2018.06.16"]
[Round "3.4"]
[White "Waddington, Mike"]
[Black "Harris, Michael T"]
[Result "1-0"]
[WhiteElo "2083"]
[BlackElo "1859"]
[PlyCount "59"]
[EventDate "2018.06.15"]
[SourceVersionDate "2018.06.16"]

1. Nc3 c5 2. e4 Nc6 3. f4 e6 4. Nf3 a6 5. d4 cxd4 6. Nxd4 Qc7 7. Be3 b6 8. Qf3
Bb7 9. O-O-O Bb4 10. Nb1 f5 11. Qg3 g6 12. Nxc6 Bxc6 13. exf5 exf5 14. Bd4 Bd6
15. Qe1+ Be4 16. Bd3 Bxf4+ 17. Nd2 d5 18. Bxh8 Kf7 19. Bxe4 dxe4 20. Kb1 Ne7
21. Bd4 Rc8 22. c3 Nd5 23. Nb3 Qe7 24. g3 Bh6 25. Qe2 a5 26. Qb5 Qe6 27. Bg7
Nc7 28. Qd7+ Qxd7 29. Rxd7+ Ke6 30. Rxc7 1-0

[Event "Bristol Fide Open 2018"]
[Site "Bristol Grammar School"]
[Date "2018.06.16"]
[Round "3.5"]
[White "Chapman, Matt"]
[Black "Krzyzanowski, Patryk"]
[Result "0-1"]
[WhiteElo "1888"]
[BlackElo "2072"]
[PlyCount "88"]
[EventDate "2018.06.15"]
[SourceVersionDate "2018.06.16"]

1. e4 c5 2. Nf3 g6 3. d4 cxd4 4. Nxd4 Nc6 5. c4 Nf6 6. Nc3 d6 7. f3 Nxd4 8.
Qxd4 Bg7 9. Be3 O-O 10. Qd2 a5 11. b3 Be6 12. Rc1 Nd7 13. Be2 f5 14. O-O Rc8
15. Rfd1 Nc5 16. Bd4 Rf7 17. Bxg7 Rxg7 18. e5 Qb6 19. Qe3 dxe5 20. Nd5 Bxd5 21.
Rxd5 f4 22. Qf2 Qc7 23. Re1 e6 24. Rdd1 Rd7 25. Rxd7 Qxd7 26. Rd1 Qc7 27. Bd3
Rd8 28. Qe2 Rd4 29. Bc2 Qd6 30. Kf1 Kg7 31. a3 Rxd1+ 32. Qxd1 Qxd1+ 33. Bxd1 e4
34. fxe4 Nxe4 35. Ke1 Kf6 36. b4 axb4 37. axb4 b6 38. Bf3 Ke5 39. Kd1 Ng5 40.
Be2 Kd4 41. Kc2 Nf7 42. Kb3 Nd6 43. Ka4 e5 44. Bf3 Kxc4 0-1

[Event "Bristol Fide Open 2018"]
[Site "Bristol Grammar School"]
[Date "2018.06.16"]
[Round "3.6"]
[White "Kramaley, David"]
[Black "Dilleigh, Stephen P"]
[Result "1/2-1/2"]
[WhiteElo "1831"]
[BlackElo "2022"]
[PlyCount "54"]
[EventDate "2018.06.15"]
[SourceVersionDate "2018.06.16"]

1. e4 e6 2. d4 d5 3. Nd2 c5 4. exd5 Qxd5 5. Ngf3 cxd4 6. Bc4 Qd7 7. Nb3 Bb4+ 8.
Bd2 Bxd2+ 9. Qxd2 Nc6 10. Nbxd4 Nxd4 11. Nxd4 a6 12. O-O-O Qc7 13. Qg5 Ne7 14.
Bd3 O-O 15. Kb1 Nd5 16. Rhe1 Qd8 17. Qg3 Qf6 18. Re4 Rd8 19. Nf3 Bd7 20. Ne5
Bc6 21. Ng4 Qe7 22. Rde1 Kh8 23. Qh3 g6 24. Ne5 Qf6 25. Rh4 h5 26. Ng4 Qg7 27.
Ne3 Nf6 1/2-1/2

[Event "Bristol Fide Open 2018"]
[Site "Bristol Grammar School"]
[Date "2018.06.16"]
[Round "3.7"]
[White "Makkar, Rajat"]
[Black "Moore, Geoffrey R"]
[Result "1/2-1/2"]
[WhiteElo "1835"]
[BlackElo "1995"]
[PlyCount "50"]
[EventDate "2018.06.15"]
[SourceVersionDate "2018.06.16"]

1. d4 Nf6 2. c4 g6 3. g3 Bg7 4. Bg2 O-O 5. Nf3 d6 6. O-O Nc6 7. Nc3 e5 8. d5
Nb8 9. e4 a5 10. Ne1 Na6 11. Nd3 Nd7 12. Be3 b6 13. Qd2 f5 14. f4 Qe7 15. Rae1
Nac5 16. fxe5 Nxe5 17. Nxe5 Bxe5 18. Bd4 fxe4 19. Rxf8+ Kxf8 20. Nxe4 Nxe4 21.
Bxe4 Bxd4+ 22. Qxd4 Qg7 23. Qxg7+ Kxg7 24. Bc2 Kf7 25. Rf1+ Kg7 1/2-1/2

[Event "Bristol Fide Open 2018"]
[Site "Bristol Grammar School"]
[Date "2018.06.16"]
[Round "3.8"]
[White "Bogdan, Horia"]
[Black "Varney, Daniel"]
[Result "0-1"]
[WhiteElo "1960"]
[BlackElo "1829"]
[PlyCount "76"]
[EventDate "2018.06.15"]
[SourceVersionDate "2018.06.16"]

1. d4 Nf6 2. c4 g6 3. g3 Bg7 4. Bg2 d5 5. cxd5 Nxd5 6. Nc3 Nxc3 7. bxc3 O-O 8.
h4 c5 9. Be3 Nc6 10. Nf3 Bg4 11. Rb1 Bxf3 12. Bxf3 cxd4 13. cxd4 Nxd4 14. Bxb7
Rb8 15. O-O Qd7 16. Ba6 Rxb1 17. Qxb1 Nf5 18. Bf4 e5 19. Bc1 Nxh4 20. Ba3 Rd8
21. Qe4 Nf5 22. Rb1 Nd4 23. Rb7 Qa4 24. Be7 f5 25. Qd3 Rc8 26. Rxa7 Rc1+ 27.
Kh2 Qc6 28. f3 e4 29. Qa3 Nxf3+ 30. Kg2 Rg1+ 31. Kh3 Rh1+ 32. Kg2 Rh2+ 33. Kf1
Rh1+ 34. Kg2 Nh4+ 35. Kf2 Bd4+ 36. e3 Qc2+ 37. Be2 Rh2+ 38. Kg1 Rg2+ 0-1

[Event "Bristol Fide Open 2018"]
[Site "Bristol Grammar School"]
[Date "2018.06.16"]
[Round "3.9"]
[White "Munshi, Aditya"]
[Black "Handley, Michael R"]
[Result "0-1"]
[WhiteElo "1905"]
[BlackElo "2170"]
[PlyCount "56"]
[EventDate "2018.06.15"]
[SourceVersionDate "2018.06.16"]

1. e4 e6 2. d4 d5 3. Nd2 Nf6 4. e5 Nfd7 5. Bd3 c5 6. c3 Nc6 7. Ne2 cxd4 8. cxd4
f6 9. exf6 Nxf6 10. Nf3 Bd6 11. O-O Qc7 12. Nc3 a6 13. Bd2 O-O 14. Rc1 Bd7 15.
Re1 Rae8 16. Na4 Bc8 17. Ne5 Qb8 18. Bf4 Nxd4 19. Bxh7+ Kxh7 20. Qxd4 Ne4 21.
Bg3 Rf5 22. Rxe4 dxe4 23. Nd7 Bxd7 24. Bxd6 Qd8 25. Nc5 Bc6 26. Rd1 Rd5 27.
Qxe4+ Kg8 28. Re1 Qxd6 0-1

[Event "Bristol Fide Open 2018"]
[Site "Bristol Grammar School"]
[Date "2018.06.16"]
[Round "3.10"]
[White "Martin, Lewis"]
[Black "Fowler, Hugo"]
[Result "1-0"]
[WhiteElo "2089"]
[BlackElo "1800"]
[PlyCount "53"]
[EventDate "2018.06.15"]
[SourceVersionDate "2018.06.16"]

1. d4 Nf6 2. c4 g6 3. Nc3 d5 4. cxd5 Nxd5 5. e4 Nxc3 6. bxc3 Bg7 7. Bc4 c5 8.
Ne2 O-O 9. O-O Nc6 10. Be3 cxd4 11. cxd4 a6 12. Rc1 Kh8 13. Qd2 e5 14. d5 Na5
15. d6 Nxc4 16. Rxc4 Bd7 17. Rc7 Bc6 18. Bg5 Bf6 19. Bh6 Bg7 20. Bxg7+ Kxg7 21.
f4 Rc8 22. Rxc8 Qb6+ 23. Kh1 Rxc8 24. fxe5 Bxe4 25. Qf4 Bd5 26. Qf6+ Kg8 27. d7
1-0

[Event "Bristol Fide Open 2018"]
[Site "Bristol Grammar School"]
[Date "2018.06.16"]
[Round "3.11"]
[White "Morris, Gareth"]
[Black "Brown, Geoffrey M"]
[Result "1-0"]
[WhiteElo "2050"]
[BlackElo "1877"]
[PlyCount "69"]
[EventDate "2018.06.15"]
[SourceVersionDate "2018.06.16"]

1. d4 e6 2. c4 Nf6 3. Nf3 Bb4+ 4. Nbd2 c5 5. e3 b6 6. Bd3 Bb7 7. O-O cxd4 8.
exd4 O-O 9. Qe2 d5 10. a3 Be7 11. b3 Nbd7 12. Bb2 Rc8 13. Rac1 Re8 14. Rfe1 Bf8
15. Ne5 g6 16. Qe3 Bg7 17. Bb1 Nxe5 18. dxe5 Ng4 19. Qe2 h5 20. h3 Nh6 21. Rcd1
Qe7 22. cxd5 Bxd5 23. Be4 Red8 24. Bxd5 exd5 25. Nf3 Nf5 26. Bc1 Qc5 27. e6 Re8
28. exf7+ Kxf7 29. Ng5+ Kf8 30. Ne6+ Rxe6 31. Qxe6 Qc6 32. Qxd5 Qxd5 33. Rxd5
Bc3 34. Red1 Ke8 35. Bg5 1-0

[Event "Bristol Fide Open 2018"]
[Site "Bristol Grammar School"]
[Date "2018.06.16"]
[Round "3.12"]
[White "Collier, David"]
[Black "Lovell, William"]
[Result "1-0"]
[WhiteElo "2011"]
[BlackElo "1737"]
[PlyCount "139"]
[EventDate "2018.06.15"]
[SourceVersionDate "2018.06.16"]

1. d4 d5 2. Bf4 Nf6 3. e3 c5 4. c3 Nc6 5. Bd3 g6 6. h3 cxd4 7. exd4 Bg7 8. Nd2
O-O 9. Ngf3 Kh8 10. O-O Bf5 11. Bxf5 gxf5 12. Re1 e6 13. Ne5 Nxe5 14. dxe5 Ne4
15. Nf3 Qb6 16. Qe2 Qc7 17. Qe3 Qc5 18. Nd4 Qb6 19. Re2 Nc5 20. Rd1 a6 21. Nf3
Nd7 22. Rd4 Rac8 23. Bh6 Rc4 24. Bxg7+ Kxg7 25. Qg5+ Kh8 26. Rxc4 dxc4 27. Qe7
Qd8 28. Qxd8 Rxd8 29. Rd2 Kg8 30. Rd4 b5 31. Rd6 a5 32. Nd4 Kf8 33. f4 Ke8 34.
Rc6 Rb8 35. Rc7 Ra8 36. Nxb5 Kd8 37. Rxc4 Rb8 38. Nd6 f6 39. b3 fxe5 40. Nf7+
Ke8 41. Nxe5 Nxe5 42. fxe5 Rb5 43. Rc7 h5 44. c4 Rxe5 45. Kf2 a4 46. Ra7 axb3
47. axb3 Re4 48. Ra2 Kd7 49. Rd2+ Kc6 50. Re2 Rxe2+ 51. Kxe2 Kc5 52. Kf3 e5 53.
g4 hxg4+ 54. hxg4 fxg4+ 55. Kxg4 e4 56. Kg3 Kd4 57. Kf2 Kd3 58. Ke1 Kd4 59. Kd2
e3+ 60. Ke2 Ke4 61. b4 Kd4 62. b5 Kc5 63. Kxe3 Kb6 64. Kd4 Kb7 65. Kc5 Kc7 66.
b6+ Kb7 67. Kb5 Kb8 68. Kc6 Ka8 69. b7+ Kb8 70. c5 1-0

[Event "Bristol Fide Open 2018"]
[Site "Bristol Grammar School"]
[Date "2018.06.16"]
[Round "3.13"]
[White "Furnevall, Mark"]
[Black "Prasse, Phillip"]
[Result "1/2-1/2"]
[WhiteElo "1849"]
[BlackElo "2006"]
[PlyCount "108"]
[EventDate "2018.06.15"]
[SourceVersionDate "2018.06.16"]

1. d4 d5 2. Bf4 Nf6 3. e3 c5 4. c3 Nc6 5. Bd3 cxd4 6. exd4 g6 7. h4 Bf5 8. f3
Qd7 9. Ne2 Bxd3 10. Qxd3 e6 11. Nd2 Bd6 12. Bg5 Be7 13. O-O-O O-O-O 14. Rhe1
Kb8 15. Qe3 Ka8 16. g4 Ne8 17. Nb3 Nd6 18. Nc5 Qc8 19. b3 b6 20. Nd3 h6 21.
Bxe7 Nxe7 22. Kb2 h5 23. Qg5 Nc6 24. Ng3 hxg4 25. fxg4 Qc7 26. Ne5 Nxe5 27.
dxe5 Nb5 28. Rc1 Qc5 29. Rf1 Rc8 30. Ne2 Rc7 31. h5 gxh5 32. gxh5 Rhc8 33. Qd2
a5 34. h6 a4 35. b4 a3+ 36. Ka1 Qf8 37. h7 Qg7 38. Rh1 Qxe5 39. Qd3 d4 40. h8=Q
Rxh8 41. Rxh8+ Qxh8 42. Qxb5 dxc3 43. Qa6+ Ra7 44. Qxb6 Rb7 45. Qa6+ Kb8 46.
Qd6+ Ka8 47. Nxc3 Qh6 48. Qa6+ Kb8 49. Qd6+ Rc7 50. Qb6+ Kc8 51. Qa6+ Kb8 52.
Rd1 Qh8 53. Qb6+ Kc8 54. Qa6+ Kb8 1/2-1/2

[Event "Bristol Fide Open 2018"]
[Site "Bristol Grammar School"]
[Date "2018.06.16"]
[Round "3.14"]
[White "Lampard, Alice"]
[Black "Gibbs, Dominic"]
[Result "1/2-1/2"]
[WhiteElo "1664"]
[BlackElo "1967"]
[PlyCount "113"]
[EventDate "2018.06.15"]
[SourceVersionDate "2018.06.16"]

1. d4 f5 2. Bg5 g6 3. e3 Bg7 4. h4 h6 5. Bf4 d6 6. Nc3 Nf6 7. Qf3 O-O 8. Be2
Nc6 9. O-O-O Bd7 10. d5 Nb8 11. Qg3 Qe8 12. Bf3 c6 13. Qh2 b5 14. dxc6 Bxc6 15.
h5 Bxf3 16. gxf3 Nxh5 17. Nge2 e5 18. Bg3 b4 19. Nd5 Na6 20. Bh4 Rf7 21. Qg2
Kh7 22. Rdg1 Qe6 23. e4 Re8 24. Ng3 Nf6 25. Nxf5 Nxd5 26. Nxg7 Rxg7 27. exd5
Qf5 28. Bf6 Qxf6 29. Rxh6+ Kg8 30. Rxg6 Rxg6 31. Qxg6+ Qxg6 32. Rxg6+ Kf7 33.
Rxd6 Nb8 34. Kd2 Ke7 35. Re6+ Kd7 36. Rxe8 Kxe8 37. Kd3 Ke7 38. c4 Kd6 39. Ke4
Nd7 40. b3 Nc5+ 41. Ke3 Ke7 42. f4 exf4+ 43. Kxf4 Nd3+ 44. Ke3 Nc1 45. Kd4 Nxa2
46. Kc5 Nc1 47. Kxb4 Nd3+ 48. Ka5 Nxf2 49. Ka6 Kd6 50. Kxa7 Kc5 51. b4+ Kxb4
52. d6 Nd3 53. Kb6 Nc5 54. Kc6 Kxc4 55. Kc7 Kd5 56. d7 Nxd7 57. Kxd7 1/2-1/2

[Event "Bristol Fide Open 2018"]
[Site "Bristol Grammar School"]
[Date "2018.06.16"]
[Round "3.15"]
[White "Miller, George"]
[Black "Waterfield, John"]
[Result "1/2-1/2"]
[WhiteElo "1600"]
[BlackElo "1924"]
[PlyCount "72"]
[EventDate "2018.06.15"]
[SourceVersionDate "2018.06.16"]

1. d4 Nf6 2. Nf3 c5 3. Nc3 cxd4 4. Nxd4 g6 5. e4 Nc6 6. Be3 Bg7 7. Bc4 O-O 8.
Bb3 a5 9. f3 d5 10. Nxc6 bxc6 11. exd5 Nxd5 12. Nxd5 cxd5 13. Qxd5 Bxb2 14.
Qxa8 Bxa1 15. O-O Bd4 16. Qe4 Bxe3+ 17. Qxe3 Ba6 18. Re1 e6 19. c4 a4 20. Bxa4
Bxc4 21. Bb3 Bxb3 22. axb3 Qa5 23. h3 Rc8 24. Rc1 Rxc1+ 25. Qxc1 Qb6+ 26. Kh1
Qxb3 27. Qg5 Qd1+ 28. Kh2 Qd6+ 29. Kh1 Kg7 30. Qc1 e5 31. Qb1 Qf6 32. Qe4 Qf4
33. Qb7 Kh6 34. Qe7 f5 35. Qf8+ Kh5 36. Qe7 Qc1+ 1/2-1/2

[Event "Bristol Fide Open 2018"]
[Site "Bristol Grammar School"]
[Date "2018.06.16"]
[Round "3.16"]
[White "Davidson, Laura"]
[Black "Jaufarally, Nadia"]
[Result "0-1"]
[WhiteElo "1649"]
[BlackElo "1916"]
[PlyCount "122"]
[EventDate "2018.06.15"]
[SourceVersionDate "2018.06.16"]

1. d4 Nf6 2. Nf3 g6 3. Bg5 Bg7 4. e3 d6 5. Bd3 O-O 6. O-O Nc6 7. c3 e5 8. Nbd2
h6 9. Bxf6 Qxf6 10. d5 Nb8 11. e4 Qe7 12. Ne1 f5 13. c4 f4 14. Be2 Nd7 15. b4
Nf6 16. Nd3 Rf7 17. Rc1 Bf8 18. f3 Rg7 19. Nf2 g5 20. Ng4 Kh7 21. Nxf6+ Qxf6
22. Kh1 h5 23. h3 Qh6 24. Kg1 Be7 25. c5 Kh8 26. a3 g4 27. fxg4 hxg4 28. Bxg4
Bxg4 29. hxg4 Rh7 30. Nf3 Qh1+ 31. Kf2 Bh4+ 32. Nxh4 Qxh4+ 33. Kg1 Qh2+ 34. Kf2
Qg3+ 35. Kg1 Qe3+ 36. Rf2 Qxe4 37. Qf3 Qg6 38. Rfc2 Rg8 39. Rc3 Qxg4 40. Qxg4
Rxg4 41. cxd6 cxd6 42. Rc8+ Rg8 43. Rxg8+ Kxg8 44. Rc8+ Kf7 45. Rd8 Ke7 46. Rb8
Kf6 47. Rd8 e4 48. Rxd6+ Ke5 49. Rd8 e3 50. d6 Ke6 51. Rf8 Rf7 52. Rd8 Rd7 53.
Rf8 Rxd6 54. Rxf4 Rd1+ 55. Kh2 Kd5 56. Rf5+ Ke4 57. Rf7 e2 58. Re7+ Kd3 59.
Rd7+ Kc2 60. Rc7+ Kb3 61. Re7 e1=Q 0-1

[Event "Bristol Fide Open 2018"]
[Site "Bristol Grammar School"]
[Date "2018.06.16"]
[Round "3.17"]
[White "Abbott, Mark V"]
[Black "Brown, Thomas"]
[Result "0-1"]
[WhiteElo "1885"]
[BlackElo "2078"]
[PlyCount "90"]
[EventDate "2018.06.15"]
[SourceVersionDate "2018.06.16"]

1. d4 Nf6 2. c4 g6 3. Nc3 Bg7 4. e4 d6 5. Nf3 O-O 6. Be2 e5 7. O-O Nc6 8. d5
Ne7 9. b4 Ne8 10. Ba3 f5 11. Nd2 Nf6 12. Qb3 fxe4 13. Ndxe4 Nxe4 14. Nxe4 Nf5
15. Bb2 Nd4 16. Bxd4 exd4 17. Rad1 Bf5 18. Ng3 Bd7 19. Bf3 a5 20. b5 Be5 21.
Rfe1 b6 22. Rxe5 a4 23. Qa3 dxe5 24. d6 Rc8 25. Bb7 Rb8 26. dxc7 Qxc7 27. Bd5+
Kh8 28. Ne4 Bf5 29. Qxa4 Bxe4 30. Bxe4 Rf4 31. f3 g5 32. Qb4 g4 33. Rd3 Qg7 34.
Qd6 Rbf8 35. Qd5 Qg5 36. a4 R4f6 37. Kf2 Qh4+ 38. Kf1 Qxh2 39. Qd7 Qh1+ 40. Ke2
Qxg2+ 41. Kd1 Qh1+ 42. Kc2 gxf3 43. Qe7 Qg2+ 44. Kb3 Qg7 45. Qxe5 f2 0-1

[Event "Bristol Fide Open 2018"]
[Site "Bristol Grammar School"]
[Date "2018.06.16"]
[Round "3.18"]
[White "Curtis, John"]
[Black "Smith, Lynda"]
[Result "1/2-1/2"]
[WhiteElo "2077"]
[BlackElo "1838"]
[PlyCount "27"]
[EventDate "2018.06.15"]
[SourceVersionDate "2018.06.16"]

1. d4 f5 2. Bg5 g6 3. Nd2 Bg7 4. e4 fxe4 5. Nxe4 d5 6. Nc5 b6 7. Nb3 Nf6 8. Nf3
Ne4 9. h4 Nd7 10. Nbd2 Ndf6 11. c4 O-O 12. cxd5 Nxd2 13. Qxd2 Bb7 14. Bc4
1/2-1/2